000 00856nam a22002417a 4500
005 20100804135624.0
010 _aENG-98048
020 _a9788185873558
_c795.00
035 _aEN-81581
037 _bDBAD/PUB
082 _a363.73874
100 _aSingh, H. P.
_97315
245 _aChallenges of climate change :
_bIndian horticulture /
_cby H. P. Singh, J. P. Singh [and] S. S. Lal
260 _aNew Delhi
_bWestville Publishing House
_c2010
270 _a47, B-5, Paschim Vihar
_bNew Delhi
_e110063
300 _axiv,210p.:
_bill.
_c25cm (Hb)
500 _aInclude index
650 _aClimate Change
_97316
700 _aH. P. Singh
_96024
700 _aS. S. Lal
_96025
942 _2ddc
_cEN
_h363.73874
_mSIN
999 _c39226
_d39226